[Event "RUS-ch Boys U21 2020"]
[Site "Moscow"]
[Date "2020.12.14"]
[Round "7.5"]
[White "Nesterov, Arseniy"]
[Black "Smirnov, Timofey"]
[Result "1/2-1/2"]
[WhiteElo "2498"]
[BlackElo "2394"]
[Annotator "TA"]
[PlyCount "183"]
[EventDate "2020.12.08"]
[EventType "tourn"]
[EventCountry "RUS"]
[SourceTitle "playchess.com"]
[Source "ChessBase"]
[SourceQuality "1"]

{[%evp 22,183,34,21,41,12,25,6,0,0,22,20,21,24,30,21,27,24,27,31,32,31,55,33,52,15,18,12,20,23,25,0,0,0,0,0,13,0,9,0,0,0,28,28,28,28,28,0,0,0,28,28,72,28,77,14,13,12,12,12,76,76,76,76,76,68,68,68,68,68,76,76,76,76,76,76,76,76,76,76,76,76,76,76,76,76,76,52,52,52,52,52,52,52,52,52,59,59,64,59,59,59,59,59,59,59,67,30,30,30,30,30,30,30,30,30,30,8,8,0,30,30,30,30,30,30,30,30,30,30,30,30,30,30,30,30,30,30,30,30,30,30,30,30,30,30,30,30,30,30,30,8,30,30,30,30,30,0,0,0,0,0,0,0]} 1. d4 d5 2. c4 e6 3. Nf3 Nf6 4. Nc3 Be7 5. Bg5 h6 6. Bh4 O-O 7. e3 b6 8. Be2 Bb7 9. Rc1 Nbd7 10. cxd5 exd5 11. O-O c5 12. Qc2 Rc8 {D58: Queen's Gambit Declined: Tartakower Defence.} 13. Rfd1 (13. Qf5 {with more complications.} g6 14. Qh3 Kg7 15. Bg3 Nh5 16. Be5+) 13... Ne4 14. Bxe7 Qxe7 15. dxc5 Nxc3 16. Qxc3 bxc5 17. Qa3 a6 18. Ne1 ({Of course not} 18. Bxa6 Ra8 $15) 18... Ne5 {[#]} 19. Nd3 $146 ({Predecessor:} 19. Qc3 Rfe8 20. Nd3 d4 21. exd4 cxd4 22. Qb3 Rxc1 23. Nxc1 Bc6 24. Bf1 Qd7 25. Qg3 {½-½ (40) Netusil,M (2310)-Neckar,L (2360) Czechia 1993}) 19... Nxd3 20. Bxd3 Rc7 21. Bf1 ({Wrong is} 21. Bxa6 $2 Ra8 $19) 21... Rd8 22. Qa5 ({Don't blunder} 22. Bxa6 $2 Ra8 $19) 22... Qd6 23. b4 {[%cal Rb4c5]} (23. b3 {is interesting.} Rdc8 24. Rc2 h5 25. Rdc1 g6 26. Be2) 23... Rdc8 24. bxc5 Rxc5 25. Rxc5 Qxc5 26. Qxc5 (26. Qe1 {feels hotter.} Qc3 27. Qe2 Qc2 28. Rd2 Qc4 29. Qd1) 26... Rxc5 $11 {[%mdl 4096] Endgame KRB-KRB} 27. Rb1 Bc8 28. Rb8 Kh7 29. f3 g6 30. Ra8 Rc1 31. Kf2 Kg7 32. Bxa6 Bxa6 33. Rxa6 {KR-KR} Rc2+ 34. Kf1 Rc1+ 35. Kf2 Rc2+ 36. Kg3 Re2 37. Ra5 Kf6 38. a4 (38. Rxd5 $16 Rxa2 39. h4) 38... Ke6 39. Ra6+ Ke5 40. Ra8 Kf6 (40... Kd6 $1 $11) 41. Rd8 $16 Ra2 42. Rxd5 {And now Ra5 would win.} Rxa4 43. e4 Ra2 44. h4 h5 45. Rd1 Re2 46. Rf1 Ra2 47. Rf2 Ra1 48. Rb2 Ra6 49. Kf4 Ra4 50. Rb6+ Kg7 51. Rd6 Ra2 52. g3 Re2 53. Rd7 Re1 54. e5 Re2 55. Re7 Kf8 56. Rc7 Kg7 57. Rd7 Re1 58. Rd4 Re2 59. Re4 Rg2 60. e6 fxe6 61. Rxe6 {Cut Off at move 61} Rg1 62. Rd6 Rg2 63. Rc6 Rg1 64. g4 hxg4 65. fxg4 Ra1 66. Rc7+ Kf6 67. g5+ Ke6 68. Rc6+ Kf7 69. Ke5 Re1+ 70. Kf4 Rf1+ 71. Kg3 Rg1+ 72. Kh2 Rg4 73. Kh3 Ra4 74. Rf6+ Kg7 75. Kg3 Ra3+ 76. Rf3 Ra4 77. Rf4 Ra3+ 78. Kg4 Ra1 79. Rb4 Kf7 80. Kf4 Ra5 81. Ke4 Ke6 82. Rb6+ Kf7 83. Rf6+ Kg7 84. Rd6 Kf7 85. Rd5 Ra1 86. Rc5 Re1+ 87. Kd5 Rd1+ 88. Ke5 Re1+ 89. Kd6 Re4 {The position is equal.} 90. Rc7+ Kf8 91. Rc6 Kf7 92. Rc7+ {Weighted Error Value: White=0.08/Black=0.07} 1/2-1/2

[Event "RUS-ch Boys U21 2020"]
[Site "Moscow"]
[Date "2020.12.15"]
[Round "8.1"]
[White "Makarian, Rudik"]
[Black "Smirnov, Timofey"]
[Result "1-0"]
[WhiteElo "2441"]
[BlackElo "2394"]
[Annotator "TA"]
[PlyCount "99"]
[EventDate "2020.12.08"]
[EventType "tourn"]
[EventCountry "RUS"]
[SourceTitle "playchess.com"]
[Source "ChessBase"]
[SourceQuality "1"]

{[%evp 14,99,26,35,33,18,50,61,59,55,50,50,69,68,80,69,87,87,75,100,230,230,289,172,178,164,221,215,237,160,335,192,186,131,187,133,116,109,262,255,125,254,305,307,320,152,152,147,152,145,153,147,148,147,148,148,220,174,219,184,220,236,266,220,339,303,320,321,296,295,484,462,911,779,861,763,911,910,812,895,860,854,962,967,1709,1624,1381,1226]} 1. d4 d5 2. c4 dxc4 3. e4 Nf6 4. e5 Nd5 5. Bxc4 Nc6 6. Be3 Nb6 7. Bd3 Nb4 8. Be4 N4d5 {D20: Queen's Gambit Accepted: 3 e3 and 3 e4.} 9. Nc3 e6 10. Nge2 Be7 {[#] White is slightly better.} 11. O-O $146 ({Predecessor:} 11. Bc1 c5 12. O-O cxd4 13. Qxd4 Nxc3 14. Qxc3 O-O 15. Qh3 g6 16. Bh6 Re8 17. Rac1 Bg5 18. Bxg5 Qxg5 19. f4 Qe7 20. Ng3 Rd8 21. Qh6 Qf8 {½-½ (21) Gorczyca,A (2005)-Zajac,M (2070) Krynica 2001}) 11... O-O 12. Qd3 g6 13. Bh6 Re8 14. f4 c5 15. Rad1 cxd4 16. Nxd4 Bd7 {[#]} (16... Nxc3 $16 17. Qxc3 (17. bxc3 Na4 $11) 17... Na4) 17. f5 $1 $18 {[%cal Rf5g6][%mdl 512]} Bg5 (17... exf5 18. Bxd5) 18. Bxg5 (18. fxg6 fxg6 19. Nxd5 Nxd5 $18) (18. Qh3 $142 {Threatens to win with f6.} Nxc3 19. fxg6 (19. bxc3 exf5 20. Bxb7 Rb8 $16) 19... fxg6 20. bxc3) 18... Qxg5 19. Bxd5 $1 exd5 (19... Nxd5 $142 20. Nxe6 {[%mdl 64] Remove Defender} fxe6 21. Nxd5 exd5) 20. Rde1 $1 Nc4 21. fxg6 hxg6 $2 (21... Nxe5 $16 22. gxf7+ (22. gxh7+ Kh8 $16) 22... Nxf7) 22. Nxd5 (22. Nf3 $142 Qf5 23. Qxd5) 22... Nxe5 23. Qc3 (23. Rxe5 $6 Qxe5 24. Nf6+ Kg7 $16) (23. Qg3 $18 Ng4 24. Nf6+ $1 {[%mdl 512]} Qxf6 25. Rxf6 Rxe1+ 26. Qxe1 Nxf6 27. Qb4) 23... Ng4 $16 24. Ne7+ (24. Qf3 $18 Bf5 25. Nxf5 gxf5 26. h3 (26. Qxf5 Qxf5 27. Rxe8+ Rxe8 $14)) 24... Rxe7 25. Nf3 {[#]} Rxe1 $2 (25... Qe3+ $1 $16 {[%mdl 512]} 26. Rxe3 Nxe3) 26. Nxg5 $18 Rxf1+ 27. Kxf1 Bb5+ 28. Kg1 Rd8 {[#] ( -> ...Rd1+)} 29. Qe1 (29. Qf3 $1 $18 {is the precise move to win.} Nf6 30. Qxb7 (30. Qxf6 $2 Rd1+ 31. Kf2 Rf1+ {[%mdl 64] Skewer} 32. Ke3 Rxf6 $19)) 29... Bc6 $16 30. h3 Re8 {[%cal Re8e1]} 31. Qh4 {White wants to mate with Qh7+.} Nf6 32. Qf4 Kg7 33. Qd4 Re2 34. g4 a5 {[#]} (34... Rg2+ $16 {was called for.} 35. Kf1 Bd5) 35. a4 $1 $18 Bd5 36. Kf1 Rg2 37. Qc3 Rh2 38. Qe5 ({Don't take} 38. Qxa5 $6 Rxb2 39. Qc3 Rb3 $16) 38... Bc4+ (38... Rc2 $142 39. Nf3 Bxf3) 39. Kg1 Re2 40. Qc3 ({Don't play} 40. Qxa5 $6 Rxb2 41. Qe5 Rb1+ 42. Kf2 Bd5 $18) 40... Bd5 41. Nf3 {aiming for g5.} ({Not} 41. Qxa5 Rxb2 42. Qc3 Rb3 $16) 41... Bxf3 $2 (41... Re6 42. Ne5 Kg8) 42. Qxf3 {White is clearly winning.} Rxb2 {[%mdl 4096] Endgame KQ-KRN} (42... Re1+ $142 43. Kf2 Rc1 44. Qxb7 Rc4) 43. Qc3 $1 {[%csl LRa5,LRb2]} Rb1+ 44. Kg2 g5 45. Qe5 Rb6 46. Qxg5+ Kh7 47. Qxa5 Rb2+ 48. Kg3 Rb3+ 49. Kh4 Ng8 {[#]} 50. Qd5 $1 {[%mdl 64] Double Attack. Accuracy: White = 75%, Black = 45%.} 1-0

[Event "RUS-ch Boys U21 2020"]
[Site "Moscow"]
[Date "2020.12.15"]
[Round "8.2"]
[White "Pogosyan, Stefan"]
[Black "Nesterov, Arseniy"]
[Result "1/2-1/2"]
[WhiteElo "2430"]
[BlackElo "2498"]
[Annotator "TA"]
[PlyCount "81"]
[EventDate "2020.12.08"]
[EventType "tourn"]
[EventCountry "RUS"]
[SourceTitle "playchess.com"]
[Source "ChessBase"]
[SourceQuality "1"]

{[%evp 9,81,17,22,17,40,36,29,29,23,22,30,25,16,26,33,0,5,0,54,57,67,81,108,43,57,0,0,0,8,0,0,1,50,52,87,66,58,-63,-63,-63,-67,-63,-81,-90,-97,-78,0,-52,-43,-151,-148,-162,-142,-283,-91,-81,-2,-23,0,0,0,-25,0,-53,-53,-53,-53,-53,0,-39,0,0,0,0]} 1. c4 e5 2. Nc3 Bb4 3. Nd5 Bc5 4. b4 Bf8 5. Bb2 c6 6. Ne3 {A21: English Opening: 1...e5 2 Nc3.} Bxb4 7. Bxe5 Nf6 8. Nf3 {White has an edge.} O-O 9. g3 d5 10. Bxf6 Qxf6 11. cxd5 Rd8 12. Rb1 a5 13. Qb3 {[#]} Na6 $146 (13... cxd5 $11 14. Nxd5 Qe6 15. Nxb4 axb4) ({Predecessor:} 13... cxd5 14. Nxd5 Qd6 15. Nxb4 Be6 16. Qa3 Qc5 17. Qa4 Qb6 18. Rb2 axb4 19. Qxb4 Rc8 {1-0 (49) Yuan,Q (2366)-Ivic,V (2270) Bhubaneswar 2016}) 14. Bg2 $14 cxd5 15. Nxd5 Qe6 16. Ng5 (16. Nd4 $16 Qd6 17. O-O) 16... Qf5 {[#]} 17. f4 (17. Qxb4 $1 $14 {[%mdl 512]} Nxb4 (17... axb4 18. Ne7+) 18. Ne7+ {[%mdl 64] Double Attack} Kf8 19. Nxf5 Bxf5 20. Rb2) 17... h6 $11 18. e4 Qd7 19. Nf3 Qe8 20. Ne5 ({Don't play} 20. Nxb4 Qxe4+ 21. Kf2 Nxb4 $17) 20... Be6 21. O-O Bxd2 22. Qxb7 Nb4 23. Rfd1 ({White should play} 23. Kh1 $14) 23... Bxd5 $15 24. exd5 Be3+ 25. Kh1 {Black must now prevent d6.} Ra7 26. Rxb4 Rxb7 ({Of course not} 26... axb4 $6 27. Qxb4 f6 28. Ng4 $11) 27. Rxb7 {[#] Strongly threatening d6.} Qa4 (27... f6 $1 $17 {[%cal Rf6e5]} 28. Nc4 Bc5) 28. Re1 (28. Rdb1 $11) 28... Qxa2 29. Nxf7 ({White should try} 29. d6 $15) 29... Rxd5 $17 30. Ne5 {And now Rb8+ would win.} Rd8 31. Rb5 (31. Reb1 $17) 31... Qd2 $2 (31... a4 $19 {has better winning chances. Hoping for ...a3.} 32. Rbb1 a3) 32. Rbb1 Bc5 (32... Qc3 $17 {Black wants to play ...a4.} 33. Nc6 Re8) 33. Nc6 $1 $11 {[%cal Rc6d8]} Rf8 34. Red1 Qe2 35. Nxa5 g5 36. Nb3 ({Better is} 36. fxg5 $11 hxg5 37. Nb3) 36... Bb6 $15 37. Nd4 Bxd4 38. Rxd4 Qf2 (38... gxf4 $1 $15 39. gxf4 Qf2) 39. Rdb4 gxf4 {aiming for ...f3.} (39... Re8 $5 {[%cal Re8e1]} 40. Rb8 Rxb8 41. Rxb8+ Kf7 $15) 40. Rf1 Qd2 41. Rbxf4 {Weighted Error Value: White=0.27/Black=0.21} 1/2-1/2

[Event "RUS-ch Boys U21 2020"]
[Site "Moscow"]
[Date "2020.12.15"]
[Round "8.3"]
[White "Gaifullin, Artur"]
[Black "Triapishko, Alexandr"]
[Result "0-1"]
[WhiteElo "2460"]
[BlackElo "2506"]
[Annotator "TA"]
[PlyCount "70"]
[EventDate "2020.12.08"]
[EventType "tourn"]
[EventCountry "RUS"]
[SourceTitle "playchess.com"]
[Source "ChessBase"]
[SourceQuality "1"]

{[%evp 9,70,18,12,18,14,-13,-7,-14,-5,-14,0,-11,21,-12,0,2,19,-4,-11,-32,18,-15,-19,-18,-1,0,-9,-14,-25,-154,-152,-135,0,0,0,-53,-45,-58,-83,-485,-500,-499,-486,-490,-481,-470,-466,-648,-459,-413,-280,-370,-381,-951,-977,-29989,-29990,-29990,-29989,-29990,-29991,-29992,-29993]} 1. Nf3 d6 2. d4 Nf6 3. c4 g6 4. Nc3 Bf5 5. Bf4 Bg7 6. e3 {E61: King's Indian: Early deviations for White, including Smyslov System.} Ne4 {[#]} 7. Be2 $146 (7. Nxe4 {keeps more tension.} Bxe4 8. Ng5 Bc6 9. h4 h6 10. Nf3) ({Predecessor:} 7. Nxe4 Bxe4 8. Be2 O-O 9. O-O Qe8 10. Nd2 Bc6 11. d5 Ba4 12. b3 Bd7 13. Rb1 {1-0 (42) Badelka,O (2399)-Malatsilava,V (2043) Minsk 2018}) 7... Nxc3 8. bxc3 {The position is equal.} O-O 9. O-O c5 10. Qb3 Qb6 11. Bg5 Re8 12. Nd2 Nc6 13. g4 Bd7 14. Rab1 cxd4 15. exd4 Qa5 16. Be3 e5 {[%cal Re5d4]} 17. d5 Nd4 $1 {[%cal Rd4b3]} 18. cxd4 exd4 19. Bf4 (19. Bg5 $11 h6 20. Ne4 (20. Qf3 hxg5 21. Ne4 Re7 $15) 20... hxg5 21. Qf3) 19... Rxe2 $17 20. Qxb7 Qd8 ({Black should try} 20... Rd8 $17 21. h3 Bf6) 21. Rfe1 $11 d3 22. Rxe2 ({Better is} 22. h3 $11) 22... dxe2 $15 23. Re1 Bxg4 {aiming for ...Bc3.} 24. f3 $2 {[%mdl 8192] [#] This move loses the game for White.} (24. Bxd6 $17 {is tougher.} Bc3 25. f3 Bxd2 26. Rxe2 Bxf3 27. Be7) 24... Bd4+ $19 25. Kh1 Rb8 26. Qc6 Rb6 27. Qa4 Qf6 28. Qe8+ Kg7 29. Qe4 Bf5 30. Qxe2 Rb2 31. Qe8 $2 (31. Qg2 h6 32. Qg3) 31... Bd3 32. Bh6+ Kxh6 {Black mates.} 33. Qf8+ {[#]} Kh5 $1 34. Qc8 Rxd2 {[%cal Rf6f3]} 35. Qh3+ Qh4 {Weighted Error Value: White=0.67/Black=0.19} 0-1

[Event "RUS-ch Boys U21 2020"]
[Site "Moscow"]
[Date "2020.12.15"]
[Round "8.4"]
[White "Lobanov, Sergei"]
[Black "Murzin, Volodar"]
[Result "0-1"]
[WhiteElo "2522"]
[BlackElo "2470"]
[Annotator "TA"]
[PlyCount "108"]
[EventDate "2020.12.08"]
[EventType "tourn"]
[EventCountry "RUS"]
[SourceTitle "playchess.com"]
[Source "ChessBase"]
[SourceQuality "1"]

{[%evp 12,108,12,10,11,29,16,24,27,0,0,0,-10,-14,115,109,109,99,132,120,123,102,96,54,60,52,50,-81,-73,-108,-97,-160,-160,-204,-222,-205,-178,-168,-124,-142,-137,-135,-104,-203,-202,-195,-195,-214,-222,-212,-203,-202,-196,-203,-188,-273,-272,-266,-248,-242,-246,-249,-248,-258,-252,-176,-272,-266,-265,-261,-227,-209,-206,-200,-195,-185,-145,-166,-170,-168,-147,-238,-224,-223,-221,-404,-404,-524,-524,-524,-524,-524,-524,-524,-511,-511,-486,-502,-482]} 1. e4 c5 2. Nf3 d6 3. d4 cxd4 4. Nxd4 Nf6 5. Nc3 a6 6. Bg5 Nbd7 7. Bc4 Qb6 {B94: Sicilian Najdorf: 6 Bg5 Nbd7.} 8. Bb3 e6 9. f3 Be7 {White has an edge.} 10. Qd2 Nc5 11. O-O-O Bd7 12. g4 {[#]} O-O-O $146 (12... Qc7 $11 {remains equal.}) ({Predecessor:} 12... Qc7 13. a3 b5 14. Ba2 Qb7 15. b4 Na4 16. Nxa4 bxa4 17. Kb2 a5 18. c3 O-O {½-½ (36) Cheparinov,I (2666)-Saric,I (2681) Patras 2019}) 13. Be3 $16 Kb8 14. Kb1 Qa5 15. a3 Ne8 16. Ba2 Na4 17. Nxa4 (17. b4 {is more complex.} Nxc3+ 18. Qxc3 Qc7 19. Qd2 h5 20. g5) 17... Qxd2 18. Rxd2 Bxa4 19. f4 (19. g5 $14 {stays ahead.}) 19... Nf6 $1 $17 {[%csl LRe4,LRg4][%mdl 64] Double Attack} 20. f5 e5 21. Ne2 (21. Nf3 $142) 21... Nxe4 22. Bxf7 Nxd2+ 23. Bxd2 Bc6 24. Rg1 d5 25. Ng3 e4 26. Re1 Bd6 27. Bc3 {[#]} (27. Bg5 $17) 27... d4 $1 $19 28. Ba5 (28. Bxd4 Bxg3) 28... Bc7 29. Bxc7+ Kxc7 30. Nxe4 {[#]} Rhe8 $1 {[%mdl 512]} 31. Be6 ({Avoid the trap} 31. Bxe8 $2 Rxe8 32. g5 Rxe4 $19) 31... d3 32. cxd3 Rxd3 33. Ng5 (33. Ng3 {was called for.}) 33... h6 34. Nf7 Rd4 35. h3 Re7 36. Rc1 Kb8 37. Ne5 Bd5 38. Rc8+ Ka7 39. Bxd5 {aiming for Be6.} Rxd5 {[%mdl 4096] Endgame KRR-KRN} 40. Ng6 Re2 {Strongly threatening ...Rdd2.} 41. Rc3 Rb5 42. Rc2 Re3 43. Nf4 Rbe5 44. Rf2 Re7 45. Kc2 Rd7 46. Re2 (46. Rd2 $17 {was necessary.} Rc7+ 47. Kb1) 46... Rc7+ 47. Kd2 Rb3 48. Ke1 $2 (48. Kd1 {is a better defense.}) 48... Rc4 49. Rf2 Rc1+ {Black is clearly winning.} 50. Kd2 Rxb2+ 51. Kxc1 Rxf2 52. Nh5 Kb8 53. Nxg7 Kc8 54. Ne8 Rh2 {Weighted Error Value: White=0.24/Black=0.12} 0-1

[Event "RUS-ch Boys U21 2020"]
[Site "Moscow"]
[Date "2020.12.15"]
[Round "8.5"]
[White "Salemgareev, Tagir"]
[Black "Ofitserian, Boris"]
[Result "1-0"]
[WhiteElo "2463"]
[BlackElo "2376"]
[Annotator "ChessBase"]
[PlyCount "109"]
[EventDate "2020.12.08"]
[EventType "tourn"]
[EventCountry "RUS"]
[SourceTitle "playchess.com"]
[Source "ChessBase"]
[SourceQuality "1"]
[TimeControl "40/5400+30:1800+30"]

1. Nf3 {[%emt 0:00:00]} c5 {[%emt 0:00:55]} 2. c4 {[%emt 0:00:09]} g6 {[%emt 0:00:11]} 3. d4 {[%emt 0:00:50]} cxd4 {[%emt 0:00:15]} 4. Nxd4 {[%emt 0:00:06]} Bg7 {[%emt 0:00:08]} 5. e4 {[%emt 0:00:29]} Nc6 {[%emt 0:08:56]} 6. Be3 {[%emt 0:00:27]} Nf6 {[%emt 0:01:35]} 7. Nc3 {[%emt 0:00:14]} Qa5 {[%emt 0:01:30]} 8. Nb3 {[%emt 0:08:22]} Qd8 {[%emt 0:00:05]} 9. Be2 {[%emt 0:00:19]} O-O {[%emt 0:00:23]} 10. O-O {[%emt 0:01:27]} d6 {[%emt 0:00:04]} 11. f3 {[%emt 0:01:18]} b6 {[%emt 0:16:07]} 12. Qd2 {[%emt 0:01:22]} Ba6 {[%emt 0:01:46]} 13. Rfc1 {[%emt 0:02:07]} Rc8 {[%emt 0:00:36]} 14. Nb5 {[%emt 0:02:54]} Nd7 {[%emt 0:01:03]} 15. N3d4 {[%emt 0:05:36]} Bxb5 {[%emt 0:06:04]} 16. Nxb5 {[%emt 0:02:46]} Nc5 {[%emt 0:00:11]} 17. Rab1 {[%emt 0:01:00]} Ne6 {[%emt 0:01:02]} 18. Bf1 {[%emt 0:07:19]} a6 {[%emt 0:13:04]} 19. Nc3 {[%emt 0:00:37]} Bd4 {[%emt 0:00:05]} 20. Rd1 {[%emt 0:00:31]} Qc7 {[%emt 0:08:25]} 21. Nd5 {[%emt 0:02:57]} Qb7 {[%emt 0:00:09]} 22. Qf2 {[%emt 0:03:15]} Bxe3 {[%emt 0:08:19]} 23. Qxe3 {[%emt 0:00:11]} Rb8 {[%emt 0:00:59]} 24. b4 {[%emt 0:18:29]} Nc7 {[%emt 0:06:38]} 25. Nc3 {[%emt 0:07:15]} Rfc8 {[%emt 0:16:53]} 26. a3 {[%emt 0:12:18]} Qa7 {[%emt 0:04:02]} 27. a4 {[%emt 0:08:07]} a5 {[%emt 0:00:31]} 28. b5 {[%emt 0:00:30]} Nb4 {[%emt 0:01:26]} 29. e5 {[%emt 0:05:55]} Ne8 {[%emt 0:00:03]} 30. Ne4 {[%emt 0:00:28]} dxe5 {[%emt 0:00:42]} 31. c5 {[%emt 0:01:12]} bxc5 {[%emt 0:01:24]} 32. Bc4 {[%emt 0:00:19]} e6 {[%emt 0:01:32]} 33. Rd2 {[%emt 0:01:59]} Qe7 {[%emt 0:00:26]} 34. Rbd1 {[%emt 0:00:46]} Rb7 {[%emt 0:00:22]} 35. Qg5 {[%emt 0:01:51]} Qxg5 {[%emt 0:00:55]} 36. Nxg5 {[%emt 0:00:02]} Nd5 {[%emt 0:00:38]} 37. Bxd5 {[%emt 0:03:30]} exd5 {[%emt 0:00:00]} 38. Rxd5 {[%emt 0:00:02]} f6 {[%emt 0:01:04]} 39. Ne4 {[%emt 0:00:16]} c4 {[%emt 0:00:29]} 40. Rd8 {[%emt 0:00:00]} Rbb8 {[%emt 0:00:00]} 41. Rxe8+ {[%emt 0:30:23]} Rxe8 {[%emt 0:00:32]} 42. Nxf6+ {[%emt 0:00:02]} Kf7 {[%emt 0:00:06]} 43. Nxe8 {[%emt 0:00:04]} Rxe8 {[%emt 0:07:00]} 44. Kf2 {[%emt 0:00:32]} Ke6 {[%emt 0:06:46]} 45. Ke3 {[%emt 0:00:05]} Rc8 {[%emt 0:00:09]} 46. Kd2 {[%emt 0:02:07]} c3+ {[%emt 0:00:45]} 47. Kc2 {[%emt 0:00:32]} Rc4 {[%emt 0:00:12]} 48. b6 {[%emt 0:00:30]} Rb4 {[%emt 0:00:16]} 49. Rb1 {[%emt 0:00:05]} Kd6 {[%emt 0:02:00]} 50. Rb3 {[%emt 0:00:15]} Kc6 {[%emt 0:12:26]} 51. Kxc3 {[%emt 0:00:23]} Rxb3+ {[%emt 0:00:06]} 52. Kxb3 {[%emt 0:00:05]} Kxb6 {[%emt 0:00:06]} 53. Kc4 {[%emt 0:00:05]} Kc6 {[%emt 0:00:04]} 54. g3 {[%emt 0:00:13]} h6 {[%emt 0:03:44]} 55. h3 {[%emt 0:00:27]} 1-0

[Event "RUS-ch Boys U21 2020"]
[Site "Moscow"]
[Date "2020.12.16"]
[Round "9.1"]
[White "Ofitserian, Boris"]
[Black "Makarian, Rudik"]
[Result "0-1"]
[WhiteElo "2376"]
[BlackElo "2441"]
[Annotator "TA"]
[PlyCount "59"]
[EventDate "2020.12.08"]
[EventType "tourn"]
[EventCountry "RUS"]
[SourceTitle "playchess.com"]
[Source "ChessBase"]
[SourceQuality "1"]

{[%evp 9,59,16,14,22,24,14,17,20,37,0,0,9,11,15,22,0,0,0,0,-135,-133,-91,36,28,101,114,107,102,102,41,99,0,127,125,116,28,31,44,23,0,10,0,0,-49,-49,-49,-49,-108,-93,-29992,-29993,-29998]} 1. c4 e6 2. Nf3 d5 3. e3 Nf6 4. Nc3 a6 5. b3 c5 6. cxd5 {A17: English Opening: 1...Nf6 with ...Bb4.} exd5 7. d4 cxd4 8. Nxd4 {The position is equal.} Bb4 9. Bd2 O-O 10. Bd3 Nc6 11. Nxc6 bxc6 {[#]} 12. Na4 $146 ({Predecessor:} 12. O-O Bd6 13. g3 Bh3 14. Re1 h5 15. Rc1 Ng4 16. Bf1 Qf6 17. Qe2 Bxf1 18. Rxf1 {1-0 (49) Meskovs,N (2515)-Zhukova,N (2380) Minsk 2018}) 12... Bd6 13. Rc1 d4 14. Rxc6 (14. O-O $11 {keeps the balance.}) 14... Bb7 $17 15. Rc4 Be5 (15... Bxg2 $6 16. Rg1 $14) ({Black should play} 15... dxe3 $17 16. Bxe3 Bxg2) 16. f4 $14 dxe3 (16... Bb8 $1 $11) 17. Bb4 $1 $36 {[%mdl 2048] Keeping Black busy.} Bb8 18. Bxf8 Kxf8 19. O-O (19. Be2 $1 $16 Qxd1+ 20. Bxd1) 19... Ba7 (19... Qd5 $14 20. Qe2 Ba7) 20. Qe2 (20. Be2 $1 $16) 20... Ng4 (20... Qd6 $11 {remains equal.}) 21. Nc5 $1 {[%cal Rc5b7]} Nf2 {Strongly threatening ...Bxc5.} 22. Bc2 ({Of course not} 22. Nxb7 $6 Qxd3 23. Re1 Qd5 $11) ({Don't take} 22. Bxh7 Bxc5 23. Rxc5 Qd6 $18) ({White should try} 22. Bb1 $16 Bxc5 23. Rxc5) 22... Qd5 $1 $11 {[%csl Gb7][%cal Rd5g2]} 23. Nxb7 Qxb7 24. Rc1 g6 25. Bb1 {Threatens to win with Rc7.} Rd8 {Hoping for ...Rd2.} 26. Rc7 Rd1+ 27. Rxd1 ({Don't blunder} 27. Qxd1 $2 Nxd1 28. Kf1 {[#]} e2+ $1 {[%mdl 512]} 29. Kxe2 Qxg2+ 30. Ke1 Bf2+ 31. Kxd1 Be3 $1 $19 {[%mdl 576] Double Attack}) 27... Qxc7 28. Re1 (28. Rf1 $1 $15) 28... Qxf4 $17 29. Qxa6 $2 {[%mdl 8192]} (29. Rf1 $17) 29... Ng4 30. Qe2 {Weighted Error Value: White=0.55/Black=0.25} 0-1